003110000a220007300045001000023000002450130000233000037001537730047001901 aKreitzer, Larry J.10aCrude language and shameful things done in secret (Ephesians 5.4,12) : Allusions to the cult of demeter/cybele in hierapolis? aNúm 71 (1998), Páginas 51-770 tJournal for the Study of the New Testament